00797nam a22001577a 4500003000800000005001700008008004100025040002100066082001600087110008300103245021400186260003900400300002400439500013400463650004200597BD-DhUL20180404155808.0180404s1987 e ||||| |||| 001 0 eng d aBD-DhULcBD-DhUL a351.71bUNF 0aUnited nations Relief and Works Agency for Palestine Refugees in the Near East 0aFinancial report and audited financial statements : for the biennium ended 31 December 1986 and report of the board of auditors /cUnited nations Relief and Works Agency for Palestine Refugees in the Near East aNew York :bUnited Nations,c1987. avi, 53 p. c; 28 cm a"General assembly, official records : forty-second session, supplement no. 5c (A/42/5/Add.3)" Includes bibliographical references 0aUnited Nations - xEconomic assisaned